Biggest Seas in the World by Area - Statistics

General Stats
  • This quiz has been taken 77 times
  • The average score is 10 of 25
Answer Stats
Area Sea % Correct
2.5M Mediterranean Sea
96%
1.05M Sea of Japan
76%
2.75M Caribbean Sea
74%
3.5M South China Sea
72%
3.9M Arabian Sea
60%
2.3M Tasman Sea
60%
2M Bering Sea
59%
2.2M Bay of Bengal
53%
1.25M East China Sea
50%
1.55M Gulf of Mexico
50%
4.8M Coral Sea
47%
5.7M Philippine Sea
43%
1.38M Norwegian Sea
35%
1.58M Sea of Okhotsk
35%
1.2M Greenland Sea
34%
3.5M Sargasso Sea
34%
1.23M Hudson Bay
32%
2.35M Gulf of Guinea
31%
1.4M Barents Sea
28%
1.5M Gulf of Alaska
16%
2.8M Weddell Sea
12%
1M Argentine Sea
6%
1.14M Mar de Grau
1%
1.15M Somov Sea
1%
1.138M Riiser-Larsen Sea
0%
No matching quizzes found
Score Distribution
Percent of People with Each Score
Percentile by Number Answered
Your Score History
You have not taken this quiz